Về việc giám sát việc thực hiện quyền lực Nhà nước /
Guardado en:
| Autor principal: | |
|---|---|
| Formato: | Artículo |
| Lenguaje: | Vietnamese |
| Materias: | |
| Etiquetas: |
Agregar Etiqueta
Sin Etiquetas, Sea el primero en etiquetar este registro!
|
| Thư viện lưu trữ: | Thư viện Trường Đại học Đà Lạt |
|---|
| LEADER | 00772nam a2200277 4500 | ||
|---|---|---|---|
| 001 | DLU040026982 | ||
| 040 | # | # | |a DLU |b vie |
| 041 | # | # | |a vie |
| 044 | # | # | |a vn |
| 100 | # | # | |a Võ Khánh Vinh |
| 245 | # | # | |a Về việc giám sát việc thực hiện quyền lực Nhà nước / |c Võ Khánh Vinh |
| 610 | # | # | |a Nhà nước |
| 653 | # | # | |a Giám sát |
| 653 | # | # | |a Quyền lực |
| 773 | # | # | |a Nhà nước và Pháp luật |g Số 6(182) - 2003, tr. 8 - 16 |
| 920 | # | # | |a Phòng Tạp chí -- Trung tâm Thông tin - Thư viện Trường Đại học Đà Lạt |
| 933 | # | # | |a LH |
| 933 | # | # | |a ML |
| 994 | # | # | |a DLU |
| 900 | # | # | |a True |
| 911 | # | # | |a Nguyễn Năng Hải |
| 925 | # | # | |a G |
| 926 | # | # | |a A |
| 927 | # | # | |a BB |
| 980 | # | # | |a Thư viện Trường Đại học Đà Lạt |